| 000 | 00704nam a2200217 i 4500 | ||
|---|---|---|---|
| 001 | 99213 | ||
| 003 | ES-MaACL | ||
| 005 | 20250630032905.0 | ||
| 007 | t| | ||
| 008 | 050902s1985 sp ||||1| spa d | ||
| 020 | _a84-505-0991-2 | ||
| 100 | 1 |
_aMartín Aceña, Pablo. _977383 |
|
| 245 | 1 | 3 |
_aLa cantidad de dinero en España: 1900-1935 / _cPablo Martín Aceña. |
| 260 |
_aMadrid : _bBanco de España, Servicio de Estudios, _c1985. |
||
| 300 |
_a115 p. ; _c24 cm. |
||
| 490 | 1 |
_aEstudios de historia económica ; _v12 |
|
| 710 | 2 | 0 |
_aBanco de España _92104 |
| 830 | 0 |
_aEstudios de historia económica ; _v12 _9179607 |
|
| 852 |
_aES-MaACL _jL-6949 _bR.107983 |
||
| 999 |
_c99213 _d99213 |
||